Economic systems

সংরক্ষণ করুন:
গ্রন্থ-পঞ্জীর বিবরন
প্রধান লেখক: Grossman, Gregory (Author)
বিন্যাস: গ্রন্থ
ভাষা:ইংরেজি
প্রকাশিত: Englewood Cliffs Prentice-Hall 1967
মালা:Foundations of Modern Economics Series
বিষয়গুলি:
ট্যাগগুলো: ট্যাগ যুক্ত করুন
কোনো ট্যাগ নেই, প্রথমজন হিসাবে ট্যাগ করুন!

MARC

LEADER 00000nam a2200000 a 4500
001 UCR7870
003 CL-VaPUC
008 980519e19670000us |||||||||||||||||eng|d
082 0 4 |a 330.12  |b GRO  |2 21 
100 |a Grossman, Gregory  |e author  |9 409375 
245 1 0 |a Economic systems 
300 |a 120 p 
942 |c BK 
945 |d 19980519 00:00:00  |a crobeson 
260 |a Englewood Cliffs  |b Prentice-Hall  |c 1967 
650 0 |a Economía   |9 255568 
650 7 |a SISTEMAS ECONOMICOS  |2 CL-VaPUC  |9 409376 
650 7 |a ESTUDIO COMPARATIVO  |2 CL-VaPUC  |9 321392 
583 |a last modification  |c 20150428 02:48:27  |k Rodrigo Vera 
490 0 |a Foundations of Modern Economics Series 
999 |c 269449  |d 269447 
952 |0 0  |1 0  |4 0  |6 330_120000000000000_GRO_1967  |7 0  |8 A  |9 303193  |a BIBENE  |b BIBENE  |d 2019-11-20  |i 1997602  |o 330.12 GRO 1967  |p 1997602  |r 2025-01-15  |w 2019-11-20  |y BK  |k ICO